Top 15 Countries Who Eat the Most Cheese (Per Capita) - Statistics

General Stats
  • This quiz has been taken 25 times
  • The average score is 12 of 15
Answer Stats
Hint Answer % Correct
27.2 kg/capita France
100%
21.5 kg/capita Italy
100%
21.6 kg/capita Netherlands
100%
24.7 kg/capita Germany
95%
19.8 kg/capita Norway
95%
21.1 kg/capita Austria
90%
28.1 kg/capita Denmark
90%
27.3 kg/capita Finland
90%
20.5 kg/capita Sweden
90%
22.2 kg/capita Switzerland
90%
27.7 kg/capita Iceland
80%
19.8 kg/capita Latvia
80%
20.0 kg/capita Estonia
75%
26.7 kg/capita Cyprus
30%
18.9 kg/capita Israel
30%
No matching quizzes found
Score Distribution
Percent of People with Each Score
Percentile by Number Answered
Your Score History
You have not taken this quiz